[Event "Norrkoeping Easter op"]
[White "Isaksson, Henrik"]
[Black "Holm, Kristian Stuvik"]
[Site "Norrkoeping"]
[Round "5"]
[Result "0-1"]
[Date "2024.03.30"]
[WhiteElo "2102"]
[BlackElo "2492"]
[PlyCount "66"]
[EventDate "2024.03.29"]
[EventType "swiss"]
[EventRounds "8"]
[EventCountry "SWE"]
[SourceTitle "CBM 219 Extra"]
[Source "ChessBase"]
[SourceDate "2024.05.31"]
[SourceVersion "1"]
[SourceVersionDate "2024.05.31"]
[SourceQuality "1"]

1. e4 c5 2. Nf3 Nc6 3. Bb5 e6 4. 0-0 Nge7 5. Re1 Nd4 6. Bf1 Nxf3+ 7. Qxf3 Nc6 8. c3 Be7 9. d3 0-0 10. Nd2 d5 11. Qd1 e5 12. exd5 Qxd5 13. Nc4 Be6 14. a4 Rad8 15. Qe2 Bf6 16. Be3 Rfe8 17. Rad1 b6 18. h3 Qd7 19. Qc2 Qc7 20. Bc1 g6 21. Be2 Bg7 22. Bf3 f6 23. b3 Bf7 24. g3 Qd7 25. Bg2 Bd5 26. Qe2 Bxg2 27. Kxg2 Re6 28. Qf3 f5 29. Bg5 Rf8 30. Kh2 f4 31. Qe4 Rfe8 32. gxf4 h6 33. Bh4 exf4 0-1

[Event "Norrkoeping Easter op"]
[White "Lindberg, Bengt"]
[Black "Isaksson, Henrik"]
[Site "Norrkoeping"]
[Round "4"]
[Result "1/2-1/2"]
[Date "2024.03.30"]
[WhiteElo "2344"]
[BlackElo "2102"]
[PlyCount "96"]
[EventDate "2024.03.29"]
[EventType "swiss"]
[EventRounds "8"]
[EventCountry "SWE"]
[SourceTitle "CBM 219 Extra"]
[Source "ChessBase"]
[SourceDate "2024.05.31"]
[SourceVersion "1"]
[SourceVersionDate "2024.05.31"]
[SourceQuality "1"]

1. e4 c5 2. Nf3 Nc6 3. d4 cxd4 4. Nxd4 e5 5. Nb5 d6 6. N1c3 a6 7. Na3 Be7 8. Be3 b5 9. Nd5 Rb8 10. c4 b4 11. Nc2 Nf6 12. Bd3 0-0 13. 0-0 Nd7 14. f3 Bg5 15. Bf2 Nc5 16. b3 a5 17. Re1 Ne6 18. Bf1 g6 19. g3 Bh6 20. Kh1 Bg7 21. Bg2 Ne7 22. a3 bxa3 23. Rxa3 Nc6 24. Nc3 Ned4 25. Nxd4 Nxd4 26. Ne2 Nc6 27. Qd2 Re8 28. Nc3 Be6 29. Rd1 Bf8 30. Nd5 Bxd5 31. cxd5 Nd4 32. Qd3 Qb6 33. Rda1 Rec8 34. Bf1 Qb4 35. Be1 Qb7 36. Bc3 Nb5 37. Qxb5 Qxb5 38. Bxb5 Rxc3 39. Bc4 Rxf3 40. Re1 Bh6 41. Kg2 Bd2 42. Re2 Bb4 43. Kxf3 Bxa3 44. Ra2 Bb4 45. Rc2 Rc8 46. Bd3 Rxc2 47. Bxc2 Kg7 48. Bd3 Kf6 1/2-1/2

[Event "SWE-chT 1819 Elite"]
[White "Isaksson, Henrik"]
[Black "Carlsson, Ludvig"]
[Site "Sweden"]
[Round "9.3"]
[Result "1/2-1/2"]
[Date "2019.03.31"]
[WhiteElo "2087"]
[BlackElo "2041"]
[PlyCount "98"]
[EventDate "2018.11.09"]
[EventType "team-tourn"]
[EventRounds "9"]
[EventCountry "SWE"]
[SourceTitle "CBM 189 Extra"]
[Source "ChessBase"]
[SourceDate "2019.05.31"]
[SourceVersion "1"]
[SourceVersionDate "2019.05.31"]
[SourceQuality "1"]
[WhiteTeam "Umea Rockaden"]
[BlackTeam "Vasteras"]
[WhiteTeamCountry "SWE"]
[BlackTeamCountry "SWE"]

1. d4 d5 2. c4 c6 3. Nf3 Nf6 4. Nc3 dxc4 5. a4 Bf5 6. e3 e6 7. Bxc4 Nbd7 8. 0-0 Bb4 9. Qe2 Bg6 10. Na2 Bd6 11. Nc3 Bb4 12. Na2 Be7 13. Nc3 0-0 14. e4 Bh5 15. e5 Nd5 16. Nxd5 cxd5 17. Bd3 Nb8 18. Bd2 Nc6 19. Qe3 Bxf3 20. gxf3 Bb4 21. Bc3 Qh4 22. f4 f5 23. Bb5 Bxc3 24. bxc3 Ne7 25. Bd7 Qh6 26. Rfb1 Rab8 27. a5 Rfd8 28. Ba4 Ng6 29. Rb2 Rf8 30. Rab1 Rf7 31. Bc6 Nxf4 32. Kh1 b6 33. axb6 Rxb6 34. Rxb6 axb6 35. Rxb6 Ra7 36. Rb8+ Kf7 37. Rb7+ Rxb7 38. Bxb7 Qg5 39. Qf3 Ng6 40. h3 Qf4 41. Bxd5 Qc1+ 42. Kh2 exd5 43. Qxd5+ Kf8 44. Qd8+ Kf7 45. Qd5+ Ke7 46. Qd6+ Ke8 47. Qc6+ Kf8 48. Qd6+ Ke8 49. Qc6+ Kf8 1/2-1/2

[Event "SWE-chT 1819 Elite"]
[White "Mauritsson, Sebastian"]
[Black "Isaksson, Henrik"]
[Site "Sweden"]
[Round "8.2"]
[Result "1-0"]
[Date "2019.03.30"]
[WhiteElo "2315"]
[BlackElo "2087"]
[PlyCount "85"]
[EventDate "2018.11.09"]
[EventType "team-tourn"]
[EventRounds "9"]
[EventCountry "SWE"]
[SourceTitle "CBM 189 Extra"]
[Source "ChessBase"]
[SourceDate "2019.05.31"]
[SourceVersion "1"]
[SourceVersionDate "2019.05.31"]
[SourceQuality "1"]
[WhiteTeam "Lunds"]
[BlackTeam "Umea Rockaden"]
[WhiteTeamCountry "SWE"]
[BlackTeamCountry "SWE"]

1. e4 e5 2. f4 d5 3. exd5 exf4 4. Nf3 Nf6 5. Bc4 Bd6 6. 0-0 0-0 7. d4 c6 8. dxc6 Nxc6 9. Nc3 Bg4 10. Kh1 Rc8 11. Ne2 Nh5 12. c3 Qf6 13. Bd3 Rfe8 14. Bd2 Rc7 15. Be1 g5 16. Bf2 Bf5 17. Kg1 Rce7 18. Re1 Ng7 19. Qc2 Bxd3 20. Qxd3 Nf5 21. d5 Ne5 22. Nxe5 Rxe5 23. c4 b6 24. Nc3 Ne3 25. Re2 f3 26. gxf3 Qxf3 27. Bg3 Bc5 28. Rf2 Qg4 29. Na4 Nxc4 30. Nxc5 bxc5 31. Raf1 Ne3 32. Rxf7 Re4 33. R1f2 Qd1+ 34. Qxd1 Nxd1 35. R2f6 Nxb2 36. d6 Rd4 37. Re7 Rd8 38. Rff7 Rd1+ 39. Kg2 R8xd6 40. Rg7+ Kf8 41. Ref7+ Ke8 42. Bxd6 Rxd6 43. Rxa7 1-0

[Event "SWE-chT 1213"]
[White "Isaksson, Henrik"]
[Black "Westerberg, Jonathan"]
[Site "Sweden"]
[Round "4"]
[Result "0-1"]
[Date "2012.12.01"]
[WhiteElo "2130"]
[BlackElo "2314"]
[PlyCount "78"]
[EventDate "2012.10.05"]
[EventType "team-tourn"]
[EventRounds "9"]
[EventCountry "SWE"]
[SourceTitle "EXT 2014"]
[Source "ChessBase"]
[SourceDate "2013.11.20"]
[SourceVersion "1"]
[SourceVersionDate "2013.11.20"]
[SourceQuality "1"]
[WhiteTeam "Umea Rockaden"]
[BlackTeam "Viking"]
[WhiteTeamCountry "SWE"]
[BlackTeamCountry "SWE"]

1. Nf3 f5 2. g3 Nf6 3. Bg2 d6 4. d4 e6 5. 0-0 Be7 6. c4 0-0 7. Nc3 a5 8. Qc2 Nc6 9. e4 Nb4 10. Qe2 Nxe4 11. Nxe4 fxe4 12. Qxe4 e5 13. Ne1 exd4 14. Qxd4 Bf6 15. Qd2 c6 16. Nc2 Na6 17. Ne3 Be6 18. Rb1 Bf7 19. Rd1 Bg6 20. Ra1 Nc5 21. Ng4 Re8 22. Nxf6+ Qxf6 23. Qf4 Bc2 24. Qxf6 gxf6 25. Rf1 Nd3 26. b3 a4 27. b4 Nxb4 28. Ba3 Nd3 29. Bxd6 a3 30. Bh3 Ra5 31. c5 Rb5 32. Bf5 Rb2 33. Bxd3 Bxd3 34. Rfd1 Bc4 35. Rd4 Bd5 36. Bf4 Rxa2 37. Rad1 Rb2 38. Bc1 Rb1 39. f4 a2 0-1